Diario de un niño de pecho / (Record no. 144869)

MARC details
000 -LEADER
campo de control de longitud fija 00612nam a2200205 4500
001 - NÚMERO DE CONTROL
campo de control 144869
003 - IDENTIFICADOR DE NÚMERO DE CONTROL
campo de control ES-MaACL
005 - FECHA Y HORA DE LA ÚLTIMA TRANSACCIÓN
campo de control 20250928113711.0
007 - CAMPO FIJO DE DESCRIPCIÓN FÍSICA--INFORMACIÓN GENERAL
campo de control de longitud fija t|
008 - DATOS DE LONGITUD FIJA--INFORMACIÓN GENERAL
campo de control de longitud fija 070214s1954 sp r ||||1| spa d
100 1# - ENTRADA PRINCIPAL--NOMBRE DE PERSONA
Nombre de persona Smidt, Karl Eugen.
9 (RLIN) 106828
245 10 - MENCIÓN DEL TÍTULO
Título Diario de un niño de pecho /
Mención de responsabilidad, etc. Carlos Eugenio Smidt ; traducción y nota preliminar de Noel Clarasó.
260 ## - PUBLICACIÓN, DISTRIBUCIÓN, ETC.
Lugar de publicación, distribución, etc. Barcelona :
Nombre del editor, distribuidor, etc. Fama,
Fecha de publicación, distribución, etc. [1954]
300 ## - DESCRIPCIÓN FÍSICA
Extensión 177 p. ;
Dimensiones 19 cm.
490 1# - MENCIÓN DE SERIE
Mención de serie Junco
700 1# - ENTRADA AGREGADA--NOMBRE PERSONAL
Nombre de persona Clarasó, Noel,
Fechas asociadas al nombre 1899-1985
9 (RLIN) 39003
830 0# - PUNTO DE ACCESO ADICIONAL DE SERIE-TÍTULO UNIFORME
Título uniforme Junco
9 (RLIN) 184641
852 ## - LOCALIZACIÓN
Ubicación ES-MaACL
Número de control de estantería C-8836
Sublocalización o colección R.36684
Holdings
Estatus retirado Estado de pérdida Estado de daño No para préstamo Biblioteca de origen Biblioteca actual Ubicación en estantería Fecha de adquisición Fuente de adquisición Total de préstamos Signatura topográfica completa Código de barras Visto por última vez Precio de reemplazo Tipo de ítem Koha
        Biblioteca del Ateneo de Madrid Biblioteca del Ateneo de Madrid Sala Palomar 17/01/2008     C-8836 1151147 23/02/2023 23/02/2023 Libro impreso